00558 2200205 4500001002100000005001500021035002000036007000300056008004100059020001800100082000800118084001400126100002300140245005400163250001700217260003100234300006000265650001100325990001600336INLIS00000000000124220250527015620 a0010-0525000091ta250527 g 0 ind  a979-688-133-0 a530 a530 DOU f0 aDouglas C Giancoli1 aFisika :bJilid 2 /cDouglas C Giancoli (Penulis) aEdisi Kelima aJakarta :bErlangga,c2001 a414 Halaman :bIlustrasi Berwarna; teks; tabel ;c25 cm 4aFisika a00000002013